Física II: educación media. Texto para el estudiante
Spremljeno u:
| Glavni autori: | , , |
|---|---|
| Format: | Knjiga |
| Jezik: | španjolski |
| Izdano: |
Santiago
Santillana del Pacífico
2000
|
| Teme: | |
| Oznake: |
Dodaj oznaku
Bez oznaka, Budi prvi tko označuje ovaj zapis!
|
MARC
| LEADER | 00000nam a2200000 a 4500 | ||
|---|---|---|---|
| 001 | UCH7938 | ||
| 003 | CL-VaPUC | ||
| 008 | 091127e20000000CL |||||||||||||||||spa|d | ||
| 020 | |a 9561505347 | ||
| 082 | 0 | 4 | |a 530 |b JAU |2 21 |
| 100 | |a Jáuregui Morales, Marcos |e author |9 544322 | ||
| 700 | 0 | |a Núñez Villalón, Gloria |e author |9 544323 | |
| 700 | 0 | |a Toro Frederick, Mario |e author |9 544324 | |
| 245 | 1 | 0 | |a Física II: educación media. Texto para el estudiante |
| 300 | |a 192 p | ||
| 942 | |c BK | ||
| 945 | |d 20091127 00:00:00 |a lazolas | ||
| 260 | |a Santiago |b Santillana del Pacífico |c 2000 | ||
| 650 | 0 | |a Física |9 227844 | |
| 650 | 7 | |a MOVIENTO |2 CL-VaPUC |9 544325 | |
| 650 | 7 | |a ENERGIA MECANICA |2 CL-VaPUC |9 265043 | |
| 650 | 7 | |a TEMPERATURA |2 CL-VaPUC |9 544326 | |
| 650 | 0 | |a Calor |9 260253 | |
| 650 | 7 | |a TIERRA |2 CL-VaPUC |9 261538 | |
| 650 | 7 | |a SISTEMA SOLAR |2 CL-VaPUC |9 268650 | |
| 650 | 0 | |a Universo |9 266563 | |
| 650 | 0 | |a Libros de texto |9 270019 | |
| 583 | |a last modification |c 20091127 00:00:00 |k Rodrigo Vera | ||
| 999 | |c 338241 |d 338239 | ||
| 952 | |0 0 |1 0 |4 0 |6 530_000000000000000_JAU_2000 |7 0 |8 C |9 431135 |a BIBCUR |b BIBCUR |d 2019-11-22 |i 4591100 |o 530 JAU 2000 |p 4591100 |r 2025-04-22 |w 2019-11-22 |y BK |k CAC | ||